00982nam a2200193Ia 4500008004100000020001500041050002200056082002100078100002700099240007300126245008600199250001700285260005600302300002500358500003600383505031200419650001200731700004500743120622s1994 mx 000 0 spa d a9688803847 aQA152.2bA53 1994 a512 bA581a 19941 aAngel, Allen R.eautor aElementary algebra for college studentslingléssTítulo original aAlgebra elemental c / Allen R. Angel ; traducción Oscar Alfredo Palmas Velasco a3a edición aMéxicob : Prentice-Hall Hispanoamericanac, 1994 axviii, 501 páginas aIncluye: índice (pp. 495-499) aNúmeros reales Resolución de ecuaciones lineales Formulas y aplicaciones del álgebra Exponentes, polinomios y aplicaciones adicionales Factorización Expresiones y ecuaciones racionales Graficación de ecuaciones lineales Sistemas de ecuaciones lineales Raíces y radicales Ecuaciones cuadráticas14aALGEBRA1 aPalmas Velasco, Oscar Alfredoetraductor